000 00521nmm a2200169Ia 4500
008 251105s9999||||xx |||||||||||||||||und||
020 _a8477371547
041 _aspa
100 _aBustos Rodríguez, Manuel (coord.)
245 0 _aHistoria de Cádiz :
_b De la antigüedad al siglo XX
264 _a[Madrid, España] :
_bSílex Ediciones,
_c2005
300 _a931 páginas
490 _a--Sin colección
650 _aHistory of Europe: Spain
856 _uhttps://public.digitaliapublishing.com/a/1262
942 _cCF
999 _c73468
_d73468